| 000 | 00685cam a22002173a 4500 | ||
|---|---|---|---|
| 001 | tmp96010292 | ||
| 003 | DLC | ||
| 005 | 20260227112754.0 | ||
| 007 | cr_||||||||||| | ||
| 008 | 060712s1922 nyu 000 1 eng | ||
| 010 | _atmp96010292 | ||
| 040 |
_aDLC _cDLC _dDLC |
||
| 050 | 0 | 0 |
_aPS635.Z9 _bL975 |
| 100 | 1 |
_aLyford, Katherine Van Etten, _d1897-1976 |
|
| 245 | 1 | 2 | _aA Christmas dilemma. |
| 260 |
_aNew York : _bNational Board of the Young Womens Christian Assoc., _cc1922. |
||
| 300 |
_a6 p. ; _c29 cm. |
||
| 530 | _aAlso available in digital form on the Internet Archive Web site. | ||
| 650 | 0 | _aChristmas plays. | |
| 856 | 4 | 1 | _uhttp://hdl.loc.gov/loc.gdc/scd0001.00142119110 |
| 999 |
_c91146 _d91146 |
||